Guide to the Pioneer Cemetery /

Bibliographic Details
Main Author: Brubaker, Lloyd W.
Corporate Authors: United States. National Park Service, Yosemite Natural History Association
Other Authors: Degnan, Laurence V., Jackson, Richard R.
Format: Book
Language:English
Published: [Yosemite National Park, Calif.] : [Yosemite Natural History Association in cooperation with the National Park Service], [1972?]
Subjects:

MARC

Tag First Indicator Second Indicator Subfields
LEADER 00000cam a2200000Ma 4500
001 in00002782969
005 20151202171814.0
008 030731s1972 cauabc 000 0deng d
035 |a (OCoLC)ocn223678446 
035 |a (OCoLC)223678446 
040 |a AU@  |b eng  |c AU@  |d OCLCQ  |d TXA  |d UtOrBLW 
043 |a n-us-ca 
049 |a TXAM 
090 |a F868.Y6  |b B85 1972 
100 1 |a Brubaker, Lloyd W. 
245 1 0 |a Guide to the Pioneer Cemetery /  |c by Lloyd W. Brubaker, Laurence V. Degnan and Richard R. Jackson. 
264 1 |a [Yosemite National Park, Calif.] :  |b [Yosemite Natural History Association in cooperation with the National Park Service],  |c [1972?] 
300 |a pages [58]-74 :  |b illustrations, map, portraits ;  |c 24 cm. 
336 |a text  |b txt  |2 rdacontent 
337 |a unmediated  |b n  |2 rdamedia 
338 |a volume  |b nc  |2 rdacarrier 
536 |a The Al Stonestreet Parks and Recreation Collection, 1997. 
610 2 0 |a Pioneer Cemetery (Yosemite National Park, Calif.) 
651 0 |a Yosemite Valley (Calif.)  |v Biography. 
700 1 |a Degnan, Laurence V. 
700 1 |a Jackson, Richard R. 
710 1 |a United States.  |b National Park Service. 
710 2 |a Yosemite Natural History Association. 
948 |a cataloged  |b h  |c 2012/12/11  |d c  |e junters  |f 3:41:14 pm 
994 |a C0  |b TXA 
999 |a MARS 
999 f f |s 8e6a3c67-eb43-37d9-a119-ebc4d3a40249  |i a4f0e2d9-edf3-3b61-8c21-f096f805303b  |t 0 
952 f f |p noncirc  |a Texas A&M University  |b College Station  |c Cushing Memorial Library & Archives  |d Cushing: Stonestreet (Does not check out)  |t 0  |e F868.Y6 B85 1972  |h Library of Congress classification  |i unmediated -- volume 
998 f f |a F868.Y6 B85 1972  |t 0  |l Cushing: Stonestreet (Does not check out)